000 00940cab a2200205 4500
001 ABS40004
008 090401t1988 xxu||||| |||| 00| 0 eng d
035 _a(Sirsi) u20586
041 _aeng
100 _aThew, D.
245 4 _aThe future of strategic planning - Unitary Development Plans: the West Midlands Experience
260 _c1988
350 _a0
490 _aPlanner
_v74(11) November 1988, 19-23(5)
520 _aMore than two years after the Unitary Development Plan was introduced following the abolition of the metropolitan county councils, this paper considers in the light of the West Midlands experience, whether initial criticism of the new system of planning was justified; what has been achieved so far and what lessons learnt and the implications for the future of development plans in the shire counties?
690 _aPLANNING LAW AND PRACTICE
700 _aWatson, P.
942 _n0
948 _c04/03/1997
999 _c13791
_d13791